[Event "Karnataka State Open-ch 2018"]
[Site "Bengaluru"]
[Date "2018.04.14"]
[Round "2"]
[White "Anirudhh M K"]
[Black "Stany, G.A"]
[Result "0-1"]
[WhiteElo "1159"]
[BlackElo "2493"]
[Annotator "TA"]
[PlyCount "52"]
[EventDate "2018.??.??"]
[EventType "swiss"]
[EventCountry "IND"]
[SourceTitle "playchess.com"]
[Source "ChessBase"]
[SourceQuality "1"]

{[%evp 10,52,29,25,72,22,75,47,55,31,38,-3,0,5,17,0,0,-8,1,-141,16,-321,-275,-437,-431,-597,-588,-598,-586,-587,-581,-683,-683,-682,-682,-682,-678,-909,-910,-948,-948,-921,-940,-917,-919]} 1. e4 g6 2. d4 Bg7 3. Nc3 c6 4. Nf3 d5 5. Bf4 dxe4 6. Nxe4 {LiveBook: 47 Games} Qb6 {B15: Caro-Kann: 3 Nc3: 3...g6 and 3...dxe4 4 Nxe4 Nf6 5 Nxf6+ exf6} 7. Rb1 $146 ({Predecessor:} 7. Bc4 Qb4+ 8. Nfd2 Qxb2 9. Rb1 Qxd4 10. Qe2 Be6 11. Bxe6 fxe6 12. Rxb7 Nd7 13. O-O Qd5 14. Rd1 {1-0 (34) Wolff,P (2575)-Poley,V (2415) New York 1997}) 7... Qa5+ (7... Be6 $11) 8. Nc3 Nf6 {White is slightly better.} 9. Bd3 Nd5 10. Qd2 Nxf4 11. Qxf4 c5 12. O-O {Threatens to win with Nd5.} cxd4 13. Nxd4 {And now Bb5+ would win.} e5 $132 {[%cal Be7e5,Be5f4][%mdl 2080] Black has counterplay} 14. Bb5+ {[#]} (14. Qe3 $11 {keeps the balance.}) 14... Bd7 $2 ({Black should play} 14... Qxb5 $1 $17 15. Ndxb5 exf4 16. Nc7+ Kd7) 15. Rfe1 $2 {[%mdl 8192]} (15. Qh4 $11 {and White is okay.}) 15... O-O $19 16. Nb3 (16. Rxe5 {might work better.} a6 17. Ree1 axb5 18. b4) 16... Qxc3 {Black is clearly winning.} ({Inferior is} 16... exf4 17. Nxa5 Bxc3 18. bxc3 $15) 17. Bxd7 {[#]} Qxe1+ $1 {[%mdl 512]} 18. Rxe1 exf4 19. Bg4 Nc6 20. Nc5 Rfe8 {[%cal Re8e1]} 21. Kf1 Rxe1+ 22. Kxe1 Bxb2 23. Nxb7 Bc3+ 24. Ke2 Ne5 25. Bf3 Nxf3 26. Kxf3 Bb4 {Precision: White =  2%, Black = 29%.} 0-1

[Event "Karnataka State Open-ch 2018"]
[Site "Bengaluru"]
[Date "2018.04.14"]
[Round "2"]
[White "Dhanyatha Corry"]
[Black "Sanjay, N."]
[Result "0-1"]
[WhiteElo "1155"]
[BlackElo "2346"]
[Annotator "TA"]
[PlyCount "110"]
[EventDate "2018.??.??"]
[EventType "swiss"]
[EventCountry "IND"]
[SourceTitle "playchess.com"]
[Source "ChessBase"]
[SourceQuality "1"]

{[%evp 9,109,-4,0,-18,25,24,20,18,13,22,10,3,6,18,11,-10,-14,-12,10,0,128,-21,-26,-80,-58,-74,-82,-71,-55,-56,-55,-64,-64,-64,-61,-56,-63,-53,-50,-78,-12,-194,-183,-328,-338,-458,-410,-418,-416,-395,-407,-477,-471,-468,-468,-633,-623,-4978,-4902,-4790,-2327,-1304,-1261,-29959,-29959,-6737,-12461,-5904,-5908,-29973,-29974,-29975,-29975,-29977,-29966,-29982,-29983,-29983,-29984,-29984,-29982,-29982,-29983,-29985,-29986,-29986,-29987,-29986,-29987,-29987,-29988,-29988,-29989,-29989,-29990,-29991,-29990,-29990,-29989,-29998,-29999,-29999]} 1. b4 d5 2. Bb2 Qd6 3. a3 e5 4. e3 Nd7 5. d3 Ngf6 6. Be2 $146 {A00: Irregular Openings} ({Predecessor:} 6. Nf3 c6 7. Be2 g6 8. c4 Bg7 9. cxd5 cxd5 10. O-O O-O 11. Nc3 a6 12. Rc1 {0-1 (29) Lalic,N-Uhlmann,W (2510) Sarajevo 1980}) 6... g6 7. Nf3 Bg7 8. Nbd2 {The position is equal.} O-O 9. O-O c6 10. Rc1 b6 11. c4 Bb7 {[%cal Bc8b7,Bb7c6,Bc6a4,Ba4c2][%mdl 32]} 12. cxd5 cxd5 13. Re1 Ne8 14. h3 Nc7 {[#]} (14... Rd8 $11) 15. Rc2 ({Only move:} 15. Ne4 $1 $16 {[%cal Re4d6][%mdl 512]} dxe4 16. dxe4 Qxd1 17. Rexd1) 15... Ne6 $11 16. Nb3 (16. h4 $11 {keeps the balance.}) 16... Bc6 $17 17. Qa1 Ba4 18. Qa2 a5 19. bxa5 Ndc5 20. Nxc5 $1 Bxc2 21. Nxe6 Qxe6 22. axb6 Ba4 23. Rb1 Rfb8 24. Ba1 Ra6 (24... Rb7 $17) 25. d4 $2 (25. Bxe5 $1 $11 {and White has nothing to worry.} Bxe5 26. Nxe5) 25... Raxb6 $19 26. Rxb6 (26. Rb4 {was necessary.} e4 27. Ne5) 26... Qxb6 27. Bf1 Qb1 28. Qxb1 Rxb1 29. Bc3 Bb5 30. Be1 e4 31. Bxb5 exf3 ({Not} 31... Rxb5 32. Ne5 $19) 32. gxf3 Rxb5 33. a4 Rb1 34. Kf1 Bf8 35. Ke2 Bb4 36. Bxb4 Rxb4 {[%mdl 4096] Endgame KR-KP} 37. a5 Ra4 38. Kd3 Rxa5 39. Ke2 Ra2+ {Black mates.} 40. Ke1 f5 41. Kf1 Kf7 42. Kg2 {[#]} f4 $1 43. Kf1 (43. exf4 Kf6) 43... fxe3 44. fxe3 Rh2 45. Kg1 Re2 46. e4 dxe4 47. fxe4 Rxe4 {KR-KPP} 48. d5 Rd4 49. Kf2 Rxd5 {KR-KP} 50. Kf3 Ke6 51. Kf4 g5+ 52. Kg4 Kf6 53. Kf3 Rd3+ 54. Kg4 Kg6 {[%csl Gg6][%cal Rh7h5]} 55. h4 h5# {Precision: White = 25%, Black = 78%.} 0-1

[Event "Karnataka State Open-ch 2018"]
[Site "Bengaluru"]
[Date "2018.04.14"]
[Round "2"]
[White "Vinay Kumar M V"]
[Black "Ojas, Kulkarni"]
[Result "0-1"]
[WhiteElo "1151"]
[BlackElo "2252"]
[Annotator "TA"]
[PlyCount "61"]
[EventDate "2018.??.??"]
[EventType "swiss"]
[EventCountry "IND"]
[SourceTitle "playchess.com"]
[Source "ChessBase"]
[SourceQuality "1"]

{[%evp 13,61,1,18,0,10,4,41,10,28,23,43,-18,-6,-8,0,-22,-12,-18,39,-23,-14,-22,0,-44,-44,-43,-14,-97,-103,-762,-768,-898,-895,-823,-409,-886,-877,-854,-522,-507,-474,-1502,-1468,-29992,-29993,-29993,-29994,-29994,-29995,-29997]} 1. d4 Nf6 2. e3 g6 3. Nf3 Bg7 4. b3 O-O 5. Bb2 d6 6. Be2 Nc6 {A48: 1 d4 Nf6 2 Nf3 g6: Torre, London and Colle Systems} (6... Nbd7 7. c4 e5 8. dxe5 dxe5 9. O-O e4 10. Nfd2 Re8 11. Qc2 c6 12. c5 Qe7 13. b4 a5 14. a3 Ne5 15. Bxe5 Qxe5 16. Nc4 Qxa1 {0-1 (28) Nakamura,H (2787)-Carlsen,M (2853) chess.com INT 2016}) 7. O-O e5 {LiveBook: 6 Games} 8. d5 Ne7 {The position is equal.} 9. c4 Nd7 10. Nbd2 {[%cal Bb1d2,Bd2f1,Bf1g3,Bg3h5][%mdl 32]} h6 11. h3 $146 ({Find the theoretical novelty and annotate with similar games:} 11. e4 f5 12. Ne1 Nf6 13. Bf3 Nxe4 14. Nxe4 fxe4 15. Bxe4 {0-1 (40) Da Silva,E (1733)-Juliani,S (1841) Goiania 2016}) 11... f5 12. Nh2 (12. Nb1 $14) 12... Nf6 13. Re1 Qe8 14. Ndf1 g5 {[%cal Bg6g5,Bg5f4,Bf4f3][%mdl 32]} 15. Ng3 f4 (15... Qg6 $11) 16. exf4 (16. Nh5 $14) 16... gxf4 $11 17. Nh5 Qg6 18. Kh1 (18. Bf3 $5 {[%cal Rh5f4]}) 18... Ne4 $36 {[%mdl 2048] White is under pressure.} 19. Rf1 Nf5 20. Ng4 (20. Nxg7 $11 Nh4 21. Bf3 Nxf3 22. Nxf3 Qxg7 23. Nd2) 20... Nh4 $17 ({Avoid the trap} 20... Qxh5 $2 {[#]} 21. Nf6+ $1 {[%mdl 512]} Nxf6 22. Bxh5 $18) 21. g3 $2 {[%mdl 8192]} (21. f3 $17 Qxh5 22. fxe4) 21... f3 $19 22. Nxg7 Bxg4 (22... Qxg7 $2 23. Bd3 $17) 23. Bd3 Kxg7 (23... Bxh3 $142 {( -> ...Bg2+)} 24. Nh5 Bg2+ 25. Kg1 Qxh5) 24. Kh2 {[#]} (24. Bxe4 $142 Qxe4 25. Qe1) 24... Bxh3 $1 25. Bxe4 (25. Kxh3 Ng2) 25... Qxe4 26. Kxh3 Qg6 {aiming for ...Ng2.} 27. Re1 (27. Kh2 $142 Nf5 28. Qxf3) 27... Ng2 {[%cal Rg6h5]} 28. g4 Qg5 {[%csl Gg2][%cal Rg5h4] Black mates.} 29. Kh2 Qh4+ 30. Kg1 Nxe1 31. g5 {Precision: White = 11%, Black = 38%.} 0-1

[Event "Karnataka State Open-ch 2018"]
[Site "Bengaluru"]
[Date "2018.04.14"]
[Round "2"]
[White "Amogh Manohar"]
[Black "Kulkarni, Vinayak"]
[Result "0-1"]
[WhiteElo "1149"]
[BlackElo "2179"]
[Annotator "TA"]
[PlyCount "60"]
[EventDate "2018.??.??"]
[EventType "swiss"]
[EventCountry "IND"]
[SourceTitle "playchess.com"]
[Source "ChessBase"]
[SourceQuality "1"]

{[%evp 15,60,38,77,-25,0,0,30,0,0,0,0,-15,16,-31,-3,-23,0,-86,-91,-161,-160,-165,-160,-194,-185,-212,-198,-172,-157,-389,-402,-358,-354,-408,-268,-383,-256,-285,-274,-259,-241,-317,-297,-443,-451,-957,-325]} 1. c4 Nf6 2. d4 e6 3. Nf3 c5 4. d5 exd5 5. cxd5 d6 6. Nc3 g6 7. Bg5 Bg7 8. e4 O-O {LiveBook: 60 Games} 9. Bc4 {A71: Modern Benoni: 6 e4 g6 7 Nf3 Bg7 8 Bg5 without Be2} ({Better is} 9. Nd2 $16) (9. Be2 h6 10. Bh4 a6 11. Nd2 b5 12. O-O Re8 13. Qc2 Nbd7 14. Rfe1 c4 15. b4 g5 16. Bg3 Ne5 17. a4 Bd7 18. Ra2 Qb6 19. Rea1 Qb7 20. Qc1 Rec8 21. Qa3 Ne8 22. axb5 axb5 23. Qxa8 Rxa8 24. Rxa8 {1-0 (54) Yuffa,D (2476)-Pichot,A (2528) Khanty-Mansiysk 2015}) 9... a6 10. a4 Bg4 11. h3 {White has an edge.} Bxf3 $1 12. Qxf3 Nbd7 13. O-O Qc7 $146 (13... Ne5 $5 14. Qe2 $8 Nxc4 15. Qxc4 h6 $11) ({Predecessor:} 13... Ne5 14. Qe2 Nxc4 15. Qxc4 Re8 16. Rfe1 Qc7 {0-1 (47) Mai,R (1551)-Finke,M (1932) Rotenburg 2012}) 14. Bf4 Nh5 15. Bh2 Bd4 16. Rfb1 (16. Qd1 $11 {keeps the balance.}) 16... f5 $17 17. e5 (17. Qd1 $17 {was called for.}) 17... Nxe5 $19 18. Bxe5 Bxe5 19. Re1 {[#] aiming for Rxe5!} Rae8 20. Re3 Qd7 21. Rae1 Kh8 22. g4 $2 (22. Qd1 $17) 22... fxg4 23. Qxg4 Qg7 ({Resist} 23... Qf7 24. Rf1 $19) 24. Ne4 {If White can now play Nxd6 this consolidates a bit.} Nf6 25. Qe2 (25. Qh4 $142) 25... Nxe4 26. Rxe4 Rf5 27. f4 Bd4+ 28. Kh1 Ref8 29. Re7 (29. Qg4 $142) 29... Qh6 30. Rf1 (30. Qg2 $142) 30... Qxh3+ $2 {Precision: White = 17%, Black = 30%.} (30... Rh5 31. Rf3 Rxh3+ 32. Rxh3 Qxh3+ 33. Qh2 Qf3+ 34. Qg2 Qxf4 35. Rxh7+ Kxh7 36. Qh2+ Qxh2+ 37. Kxh2 Bxb2) 0-1

[Event "Karnataka State Open-ch 2018"]
[Site "Bengaluru"]
[Date "2018.04.14"]
[Round "2"]
[White "Vaibhav Kalpaka"]
[Black "Hegde, Ravi Gopal"]
[Result "0-1"]
[WhiteElo "1146"]
[BlackElo "2139"]
[Annotator "TA"]
[PlyCount "114"]
[EventDate "2018.??.??"]
[EventType "swiss"]
[EventCountry "IND"]
[SourceTitle "playchess.com"]
[Source "ChessBase"]
[SourceQuality "1"]

{[%evp 9,113,81,69,79,68,75,75,77,95,93,91,75,72,73,82,44,63,34,35,34,50,51,77,39,33,20,29,-40,-32,-32,-32,-55,0,-16,3,0,0,0,29,0,0,0,-1,-44,-39,-46,-48,-86,-86,-81,0,0,22,0,39,24,125,-539,-572,-571,-564,-545,-471,-541,-541,-597,-582,-1547,-653,-721,-697,-749,-735,-925,-913,-2416,-2196,-29982,-29983,-29983,-29984,-29984,-29985,-29984,-29986,-29991,-29992,-29992,-29991,-29993,-29991,-29995,-29994,-29996,-29995,-29996,-29996,-29996,-29996,-29996,-29997,-29997,-29998,-29998,-29999,-29999]} 1. e4 e5 2. Nf3 Nc6 3. Bc4 d6 4. c3 Na5 5. Qa4+ c6 {[#] White must now prevent ...b5.} 6. Be2 {C50: Hungarian Defence and Giuoco Pianissimo} b5 7. Qc2 Nf6 (7... Bd7 8. d4 Qc7 9. O-O c5 10. dxe5 dxe5 11. Rd1 Nf6 12. Bg5 Be7 {0-1 (58) Sammed Jaykumar,S (2351)-Dimakiling,O (2425) Johor 2017}) 8. d4 $146 {White is better.} ({Predecessor:} 8. b4 Nb7 9. a4 Bd7 10. axb5 cxb5 11. O-O a5 12. bxa5 Rxa5 13. Rxa5 Qxa5 {0-1 (39) Miskiv,I-Takacs,Z (1934) Bratislava 2004}) 8... Qc7 9. O-O Be7 10. Bg5 O-O 11. Nbd2 Be6 12. b3 a6 13. Rfd1 h6 14. Bh4 Nb7 15. Nf1 c5 16. d5 {[#] And now Bxf6 would win.} Bd7 17. c4 Qd8 18. Rab1 (18. Ne3 $11) 18... Nxd5 $15 19. Rxd5 {aiming for Bxe7.} Bxh4 20. Rbd1 Bc6 21. Rxe5 $1 Bf6 22. Rh5 Qe7 23. Ng3 Bd7 (23... Rfe8 {feels hotter.} 24. Qd2 b4 25. Bd3 Bc3 26. Qf4 Qf6) 24. Nf5 Bxf5 $1 25. Rxf5 b4 26. Rdd5 g6 27. Rf4 Nd8 28. Qd3 Ne6 $36 {[%mdl 2048] Black is in control.} 29. Rg4 Be5 ({Black should play} 29... Rad8 $17) 30. Nxe5 $11 dxe5 31. Rxe5 Qf6 32. Rd5 $1 Nf4 (32... Qb2 $11 {remains equal.}) 33. Rd6 $2 {[%mdl 8192]} (33. e5 $16 {is forced if you want to stay better.} Nxd3 34. exf6) 33... Qa1+ $19 34. Qd1 Nxe2+ 35. Kf1 Qxd1+ 36. Rxd1 Nc3 37. Rc1 Rfd8 38. a3 a5 (38... bxa3 $142 39. Rg3 Rd1+ 40. Rxd1 Nxd1) 39. a4 Rd2 40. e5 Rad8 {( -> ...Rd1+)} 41. f4 h5 42. Rg3 Ne2 43. Rb1 Nxg3+ {Black mates.} 44. hxg3 R8d3 45. Re1 Rxb3 46. e6 fxe6 47. Rxe6 Rb1+ 48. Re1 Rxe1+ 49. Kxe1 Rxg2 50. f5 gxf5 51. g4 hxg4 {[%mdl 4096] Endgame KR-KPP} 52. Kd1 b3 53. Kc1 f4 54. Kb1 f3 55. Kc1 Ra2 56. Kb1 f2 {[%cal Rf2f1]} 57. Kc1 f1=Q# {Precision: White = 33%, Black = 49%.} 0-1

[Event "Karnataka State Open-ch 2018"]
[Site "Bengaluru"]
[Date "2018.04.14"]
[Round "2"]
[White "Pranav Tukaram Gunake"]
[Black "Augustin, A."]
[Result "1/2-1/2"]
[WhiteElo "1144"]
[BlackElo "2065"]
[Annotator "NA RC"]
[PlyCount "82"]
[EventDate "2018.??.??"]
[EventType "swiss"]
[EventCountry "IND"]
[SourceTitle "playchess.com"]
[Source "ChessBase"]
[SourceQuality "1"]
[TimeControl "5400+30"]

1. e4 {[%emt 0:00:00]} c5 {[%emt 0:00:27]} 2. Nf3 {[%emt 0:00:01]} Nc6 {[%emt 0:00:12]} 3. d4 {[%emt 0:00:11]} cxd4 {[%emt 0:00:09]} 4. Nxd4 {[%emt 0:00:08]} Nf6 {[%emt 0:00:03]} 5. Nc3 {[%emt 0:00:43]} e5 {[%emt 0:00:02]} 6. Nxc6 {[%emt 0:00:30]} bxc6 {[%emt 0:00:04]} 7. Bc4 {[%emt 0:01:05]} Bc5 {[%emt 0:00:38]} 8. Bg5 {[%emt 0:00:49]} O-O {[%emt 0:03:45]} 9. O-O {[%emt 0:01:41]} Rb8 {[%emt 0:03:36]} 10. b3 {[%emt 0:01:50]} h6 {[%emt 0:04:35]} 11. Bh4 {[%emt 0:00:40]} Bd4 {[%emt 0:01:30]} 12. Qd3 {[%emt 0:01:56]} g5 {[%emt 0:00:59]} 13. Bg3 {[%emt 0:00:41]} d5 {[%emt 0:00:29]} 14. exd5 {[%emt 0:03:33]} cxd5 {[%emt 0:00:06]} 15. Nxd5 {[%emt 0:03:08]} Nxd5 {[%emt 0:00:54]} 16. c3 {[%emt 0:01:48]} Be6 {[%emt 0:09:48]} 17. cxd4 {[%emt 0:01:41]} Nb4 {[%emt 0:01:50]} 18. Qd1 {[%emt 0:01:57]} Bxc4 {[%emt 0:10:32]} 19. bxc4 {[%emt 0:00:29]} Rc8 {[%emt 0:00:57]} 20. dxe5 {[%emt 0:03:03]} Rxc4 {[%emt 0:02:04]} 21. Qd6 {[%emt 0:01:20]} Qxd6 {[%emt 0:09:54]} 22. exd6 {[%emt 0:00:10]} f5 {[%emt 0:01:04]} 23. f3 {[%emt 0:00:51]} Kf7 {[%emt 0:06:32]} 24. a3 {[%emt 0:02:21]} Nd5 {[%emt 0:10:15]} 25. Rac1 {[%emt 0:02:54]} Rxc1 {[%emt 0:16:49]} 26. Rxc1 {[%emt 0:00:13]} Ke6 {[%emt 0:00:10]} 27. Re1+ {[%emt 0:01:08]} Kd7 {[%emt 0:00:32]} 28. Re5 {[%emt 0:00:50]} Kc6 {[%emt 0:01:00]} 29. Re6 {[%emt 0:01:03]} Rf6 {[%emt 0:03:28]} 30. Rxf6 {[%emt 0:00:51]} Nxf6 {[%emt 0:00:05]} 31. Be5 {[%emt 0:01:37]} Ne8 {[%emt 0:00:09]} 32. g4 {[%emt 0:01:13]} fxg4 {[%emt 0:08:14]} 33. fxg4 {[%emt 0:01:01]} Nxd6 {[%emt 0:00:02]} 34. Bg7 {[%emt 0:00:28]} Nf7 {[%emt 0:00:52]} 35. Kf2 {[%emt 0:00:19]} Kd5 {[%emt 0:03:23]} 36. Ke3 {[%emt 0:00:44]} a6 {[%emt 0:02:42]} 37. Kd3 {[%emt 0:00:42]} Ne5+ {[%emt 0:00:34]} 38. Bxe5 {[%emt 0:01:01]} Kxe5 {[%emt 0:00:02]} 39. Ke3 {[%emt 0:00:14]} Kd5 {[%emt 0:00:36]} 40. Kd3 {[%emt 0:00:18]} Ke5 {[%emt 0:00:31]} 41. Ke3 {[%emt 0:00:56]} Kd5 {[%emt 0:00:37]} 1/2-1/2

[Event "Karnataka State Open-ch 2018"]
[Site "Bengaluru"]
[Date "2018.04.14"]
[Round "2"]
[White "Aditya Krishnamurthy"]
[Black "Gavi, Siddayya"]
[Result "0-1"]
[WhiteElo "1142"]
[BlackElo "1993"]
[Annotator "NA RC"]
[PlyCount "46"]
[EventDate "2018.??.??"]
[EventType "swiss"]
[EventCountry "IND"]
[SourceTitle "playchess.com"]
[Source "ChessBase"]
[SourceQuality "1"]
[TimeControl "5400+30"]

1. d4 {[%emt 0:00:00]} Nf6 {[%emt 0:00:24]} 2. Nf3 {[%emt 0:01:14]} g6 {[%emt 0:00:10]} 3. Bf4 {[%emt 0:00:17]} Bg7 {[%emt 0:00:09]} 4. e3 {[%emt 0:00:21]} d6 {[%emt 0:00:08]} 5. Nbd2 {[%emt 0:00:13]} O-O {[%emt 0:01:12]} 6. Be2 {[%emt 0:01:36]} Nh5 {[%emt 0:02:05]} 7. Bg5 {[%emt 0:00:23]} h6 {[%emt 0:00:28]} 8. Bh4 {[%emt 0:00:21]} g5 {[%emt 0:00:09]} 9. Bg3 {[%emt 0:03:15]} Nxg3 {[%emt 0:00:19]} 10. hxg3 {[%emt 0:00:28]} c5 {[%emt 0:00:44]} 11. c3 {[%emt 0:00:15]} Nc6 {[%emt 0:00:13]} 12. Qc2 {[%emt 0:03:48]} Re8 {[%emt 0:01:32]} 13. Nxg5 {[%emt 0:04:25]} hxg5 {[%emt 0:00:16]} 14. Qh7+ {[%emt 0:00:21]} Kf8 {[%emt 0:00:19]} 15. Ne4 {[%emt 0:02:16]} d5 {[%emt 0:04:38]} 16. Nxg5 {[%emt 0:03:15]} e5 {[%emt 0:00:30]} 17. Nf3 {[%emt 0:06:06]} Qf6 {[%emt 0:01:06]} 18. O-O-O {[%emt 0:01:31]} Bf5 {[%emt 0:00:30]} 19. Qh4 {[%emt 0:01:09]} exd4 {[%emt 0:00:15]} 20. Qxf6 {[%emt 0:03:24]} Bxf6 {[%emt 0:00:04]} 21. Bb5 {[%emt 0:00:45]} dxc3 {[%emt 0:00:46]} 22. b3 {[%emt 0:00:42]} Nb4 {[%emt 0:00:28]} 23. Bxe8 {[%emt 0:06:41]} Nxa2# 0-1

[Event "Karnataka State Open-ch 2018"]
[Site "Bengaluru"]
[Date "2018.04.14"]
[Round "2"]
[White "Basavaraj B S"]
[Black "Manjunath, J."]
[Result "0-1"]
[WhiteElo "1140"]
[BlackElo "1986"]
[Annotator "NA RC"]
[PlyCount "72"]
[EventDate "2018.??.??"]
[EventType "swiss"]
[EventCountry "IND"]
[SourceTitle "playchess.com"]
[Source "ChessBase"]
[SourceQuality "1"]
[TimeControl "5400+30"]

1. e4 {[%emt 0:00:00]} c5 {[%emt 0:00:09]} 2. Nf3 {[%emt 0:00:09]} d6 {[%emt 0:00:16]} 3. d4 {[%emt 0:00:33]} cxd4 {[%emt 0:00:30]} 4. Nxd4 {[%emt 0:00:09]} Nf6 {[%emt 0:00:25]} 5. Nc3 {[%emt 0:00:09]} Nc6 {[%emt 0:00:54]} 6. Bb5 {[%emt 0:02:16]} Bd7 {[%emt 0:01:58]} 7. O-O {[%emt 0:02:13]} e5 {[%emt 0:07:37]} 8. Nf5 {[%emt 0:02:30]} Bxf5 {[%emt 0:09:42]} 9. exf5 {[%emt 0:01:03]} Qd7 {[%emt 0:01:03]} 10. Qf3 {[%emt 0:02:25]} a6 {[%emt 0:04:35]} 11. Ba4 {[%emt 0:01:11]} Rc8 {[%emt 0:04:15]} 12. Bg5 {[%emt 0:00:34]} Be7 {[%emt 0:02:35]} 13. Bxf6 {[%emt 0:00:51]} Bxf6 {[%emt 0:01:47]} 14. Nd5 {[%emt 0:00:17]} b5 {[%emt 0:05:41]} 15. Bb3 {[%emt 0:06:35]} Nd4 {[%emt 0:02:18]} 16. Qe4 {[%emt 0:01:42]} Qxf5 {[%emt 0:01:30]} 17. Qxf5 {[%emt 0:02:26]} Nxf5 {[%emt 0:00:14]} 18. c3 Ne7 {[%emt 0:01:13]} 19. Nxf6+ {[%emt 0:03:13]} gxf6 {[%emt 0:00:12]} 20. f4 {[%emt 0:00:40]} e4 {[%emt 0:11:07]} 21. a4 {[%emt 0:00:34]} O-O {[%emt 0:01:27]} 22. axb5 {[%emt 0:01:02]} axb5 {[%emt 0:00:08]} 23. Rfd1 {[%emt 0:02:36]} Rfd8 {[%emt 0:00:29]} 24. Ra6 {[%emt 0:00:48]} d5 {[%emt 0:07:01]} 25. Rxf6 {[%emt 0:02:22]} b4 {[%emt 0:00:24]} 26. Rc1 {[%emt 0:02:23]} Kg7 {[%emt 0:00:52]} 27. Rb6 {[%emt 0:01:06]} bxc3 {[%emt 0:00:08]} 28. bxc3 {[%emt 0:02:03]} Rb8 {[%emt 0:01:13]} 29. Rxb8 {[%emt 0:02:45]} Rxb8 {[%emt 0:00:09]} 30. Bc2 {[%emt 0:02:30]} f5 {[%emt 0:00:34]} 31. h3 {[%emt 0:01:09]} Rc8 {[%emt 0:00:22]} 32. Bb3 {[%emt 0:01:44]} d4 {[%emt 0:00:10]} 33. c4 {[%emt 0:01:10]} Nd5 {[%emt 0:02:25]} 34. g3 {[%emt 0:00:47]} Nc3 {[%emt 0:00:08]} 35. Kf2 {[%emt 0:02:33]} Rb8 {[%emt 0:00:22]} 36. Ba4 {[%emt 0:04:13]} Nxa4 {[%emt 0:00:05]} 0-1

[Event "Karnataka State Open-ch 2018"]
[Site "Bengaluru"]
[Date "2018.04.14"]
[Round "2"]
[White "Deekshith J"]
[Black "Isha, Sharma"]
[Result "0-1"]
[WhiteElo "1139"]
[BlackElo "1926"]
[Annotator "NA RC"]
[PlyCount "42"]
[EventDate "2018.??.??"]
[EventType "swiss"]
[EventCountry "IND"]
[SourceTitle "playchess.com"]
[Source "ChessBase"]
[SourceQuality "1"]
[TimeControl "5400+30"]

1. e4 {[%emt 0:00:00]} d6 {[%emt 0:00:06]} 2. d3 {[%emt 0:00:00]} e5 {[%emt 0:00:38]} 3. g3 {[%emt 0:00:00]} g6 {[%emt 0:00:21]} 4. Bg2 {[%emt 0:00:00]} Bg7 {[%emt 0:00:02]} 5. Nf3 {[%emt 0:00:05]} Ne7 {[%emt 0:00:09]} 6. O-O {[%emt 0:00:08]} O-O {[%emt 0:00:05]} 7. Nbd2 {[%emt 0:00:11]} f5 {[%emt 0:00:25]} 8. Re1 {[%emt 0:00:20]} a5 {[%emt 0:01:13]} 9. a4 {[%emt 0:00:14]} Na6 {[%emt 0:00:31]} 10. c3 {[%emt 0:01:08]} c6 {[%emt 0:00:49]} 11. Ng5 {[%emt 0:01:11]} h6 {[%emt 0:03:47]} 12. Qb3+ {[%emt 0:00:40]} d5 {[%emt 0:00:07]} 13. Ngf3 {[%emt 0:02:15]} Nc5 {[%emt 0:00:35]} 14. Qc2 {[%emt 0:00:41]} Be6 {[%emt 0:05:17]} 15. b4 {[%emt 0:05:16]} axb4 {[%emt 0:05:31]} 16. cxb4 {[%emt 0:00:16]} dxe4 {[%emt 0:00:24]} 17. Qxc5 {[%emt 0:02:17]} exf3 {[%emt 0:00:06]} 18. Nxf3 {[%emt 0:00:11]} b6 {[%emt 0:04:34]} 19. Qe3 {[%emt 0:01:03]} Nd5 {[%emt 0:06:27]} 20. Qe2 {[%emt 0:02:54]} Re8 {[%emt 0:02:45]} 21. Nxe5 {[%emt 0:01:50]} Bxe5 {[%emt 0:00:32]} 0-1

[Event "Karnataka State Open-ch 2018"]
[Site "Bengaluru"]
[Date "2018.04.15"]
[Round "3"]
[White "Sanjay, N."]
[Black "Bhagwat, S.M"]
[Result "1-0"]
[WhiteElo "2346"]
[BlackElo "1354"]
[Annotator "TA"]
[PlyCount "57"]
[EventDate "2018.??.??"]
[EventType "swiss"]
[EventCountry "IND"]
[SourceTitle "playchess.com"]
[Source "ChessBase"]
[SourceQuality "1"]

{[%evp 20,57,-6,-9,64,72,85,84,93,102,136,128,146,147,173,158,175,174,188,168,220,184,217,220,226,222,212,186,243,214,258,259,325,331,317,199,468,447,464,462]} 1. e4 c6 2. c4 {[%cal Bc2c4,Bc4d5][%mdl 32]} d5 3. exd5 cxd5 4. cxd5 Nf6 5. Qa4+ Nbd7 6. Nc3 g6 7. Nf3 Bg7 8. Bc4 O-O 9. d3 Nb6 10. Qb3 Bg4 {B10: Caro-Kann: 2 d3 and 2 c4} 11. Ne5 {LiveBook: 15 Games} Nxc4 (11... Qc7 $11 12. f4 Nbd7) (11... Qc7 12. f4 Qc5 13. h3 Bc8 14. Ke2 Nh5 15. Kf3 e6 16. g4 exd5 17. Nxd5 Nxd5 18. Bxd5 Bxe5 19. gxh5 {1-0 (46) Zhigalko,A (2594)-Hovhannisyan,R (2641) Yerevan 2016}) 12. dxc4 $14 Qc7 {[#]White is better.} 13. f4 $1 a6 $146 ({Predecessor:} 13... e6 14. O-O exd5 15. cxd5 Qc5+ 16. Kh1 b5 17. Re1 a6 18. Be3 {1-0 (46) Boidman,Y (2428)-Hamblok,R (2229) Belgium 2012}) 14. Be3 Bf5 15. O-O Nd7 16. Nxd7 Bxd7 17. Rad1 Bg4 18. Rd2 Rac8 19. c5 Bxc3 (19... Qa5 $142 20. h3 (20. Qxb7 Bxc3 21. bxc3 Qxc3 $16) 20... Bf5) 20. Qxc3 f6 21. b4 Bd7 22. Qb3 Kg7 23. Re1 Rfe8 (23... Rce8 {might work better.} 24. a3 e5) 24. Qb2 Qd8 25. Bd4 Kg8 26. Qb3 Kg7 27. Rde2 {Threatens to win with d6.} Bg4 $2 {[#]} (27... Bc6 28. Qb2 (28. dxc6 Qxd4+ 29. Kh1 bxc6 $16) 28... Qxd5 29. Rxe7+ Rxe7 30. Bxf6+ Kf8 31. Rxe7 Re8) 28. Re3 $18 Qd7 29. h3 {Precision: White = 69%, Black = 14%.} 1-0